000
00352nam a2200157Ia 4500
003
0STCL
008
150530s9999 xx 000 0 und d
040
_a
STCL
_c
STCL
100
_a
Joel Rentfro and others
245
_a
Guide to better living
260
_c
1952
546
_a
English
942
_2
ddc
_c
BK
999
_c
40681
_d
40681
005
20220125170522.0